eKasa – New Project Designed to Combat the Tax Frauds
Nové typy registračných pokladníc v projekte eKasa. Míľniky v implementácii eKasa.
Enregistré dans:
| Auteur principal: | |
|---|---|
| Format: | Chapitre de livre |
| Langue: | anglais |
| Sujets: | |
| Tags: |
Pas de tags, Soyez le premier à ajouter un tag!
|
MARC
| LEADER | 00000naa a2200000 4500 | ||
|---|---|---|---|
| 001 | 0260481 | ||
| 005 | 20240502083744.2 | ||
| 041 | 0 | |a eng | |
| 044 | |a HU | ||
| 245 | 1 | 0 | |a eKasa – New Project Designed to Combat the Tax Frauds |c Martin Grešš |
| 520 | |a Nové typy registračných pokladníc v projekte eKasa. Míľniky v implementácii eKasa. | ||
| 610 | 2 | 0 | |a pokladnice registračné |
| 610 | 2 | 0 | |a pokladnice registračné elektronické |
| 610 | 2 | 0 | |a Slovensko |
| 610 | 2 | 0 | |a správa daňová |
| 610 | 2 | 0 | |a únik daňový |
| 100 | 1 | |a Grešš, Martin, 1978- | |